Sermón panegyrico, que en la fiesta que annualmente consagra el real y pontificio Colegio Seminario de la ciudad de México al gloriosissimo martyr san Juan Nepomuceno, en la real y pontificia Universidad, predicó en ella el día 16 de mayo de este año de 1763 /

Tallennettuna:
Bibliografiset tiedot
Päätekijä: Vergara, Joseph (autor)
Aineistotyyppi: Kirja
Kieli:espanja
Aiheet:
Tagit: Lisää tagi
Ei tageja, Lisää ensimmäinen tagi!

MARC

LEADER 00000nam^a2200000^a^4500
001 000136583
005 20250526000000.0
009 20260310095322.936
037 |a Acervo ITESO - Biblioteca 
041 |a ESP 
082 |a 263. 98  |b VER 
100 |a Vergara, Joseph  |e (autor) 
245 1 0 |a Sermón panegyrico, que en la fiesta que annualmente consagra el real y pontificio Colegio Seminario de la ciudad de México al gloriosissimo martyr san Juan Nepomuceno, en la real y pontificia Universidad, predicó en ella el día 16 de mayo de este año de 1763 /  |c J. Vergara. 
264 |a México :  |b Imprenta de los Herederos de Doña María de Rivera,  |c 1763 
300 |a 24 p. ;  |c 18.5 cm. 
649 |a XX 
650 |a Santos -  |x Culto 
650 |a Sermones 
650 |a Predicación 
650 |a Fiestas Religiosas 
650 |a Culto Religioso 
650 |a Iglesia Católica 
650 |a Catolicismo 
650 |a Cristianismo 
650 |a Religión 
650 |a Juan Nepomuceno, Santo 
910 |a Fondo Salvador Reynoso Reynoso 
920 |a Impresos - Libros 
930 |a Libros Antiguos y Raros 
905 |a 108 
901 |a 0800013663  |b IT2  |c LRA  |u 20250526 
902 |a https://opac.biblio.iteso.mx/vufind/Record/000136583